000 00938cam a22002771 4500
001 hew59000071
003 DLC
005 20260227111509.0
008 731119u19uuuuuudcu f000 0 eng
010 _ahew59000071
035 _a(OCoLC)744094
040 _aDLC
_cOClU
_dOCoLC
_dDLC
042 _apremarc
050 0 0 _aL111
_b.A72 subser.
051 _aLB2305
_b.U52
_cSet 2
110 1 _aUnited States.
_bOffice of Education.
_bDivision of Higher Education.
245 1 0 _aSpecial reports, clearinghouse of studies on higher education.
246 3 _aClearinghouse of studies on higher education
260 _aWashington :
_bU.S. Dept. of Health, Education, and Welfare, Office of Education,
300 _av. ;
_c26 cm.
440 0 _aCircular (United States. Office of Education) ;
_vno. <563>-
500 _aSerial.
650 0 _aEducation, Higher.
650 0 _aEducation
_xResearch.
700 1 _aHatch, Winslow Roper,
_d1908-
999 _c34208
_d34208